000 00602cam a22002053a 4500
001 34993
003 PGUSA
005 20140828083744.0
008 110117s2011||||xxu|||||s|||||000 | eng d
040 _aPGUSA
_beng
042 _adc
100 1 _aVerschave, Paul
245 1 0 _aDe politieke partijen in Nederland en de christelijke coalitie
_h[electronic resource] /
_cPaul Verschave
260 _bProject Gutenberg,
_c2011
506 _aPublic domain in the USA.
516 _aElectronic text
830 0 _aProject Gutenberg
_v34993
856 4 0 _uhttp://www.gutenberg.org/ebooks/34993
942 _cEB
999 _c264248
_d264248